The perfume of promise / (Record no. 77067)

MARC details
000 -LEADER
fixed length control field 00508nam a22001817a 4500
005 - DATE AND TIME OF LATEST TRANSACTION
control field 20130814112315.0
010 ## - LCCN (DPL NO)
LC control number ENG-107792
020 ## - INTERNATIONAL STANDARD BOOK NUMBER
International Standard Book Number 9789382536246
Terms of availability 200.00
035 ## - SYSTEM CONTROL NUMBER
System control number EN-91325
037 ## - SOURCE OF ACQUISITION
Source of stock number/acquisition DBAD/PUB
082 ## - DEWEY DECIMAL CLASSIFICATION NUMBER
Classification number N
100 ## - MAIN ENTRY--PERSONAL NAME
Personal name Bose, Nandita
245 ## - TITLE STATEMENT
Title The perfume of promise /
Statement of responsibility, etc by Nandita Bose
260 ## - PUBLICATION, DISTRIBUTION, ETC. (IMPRINT)
Place of publication, distribution, etc New Delhi
Name of publisher, distributor, etc LiFi Publications
Date of publication, distribution, etc 2013
270 ## - ADDRESS
Address 211, 2nd Floor, Gagandeep 12, Rajendra Place
City New Delhi
Postal code 110008
300 ## - PHYSICAL DESCRIPTION
Extent ix,203p.
Dimensions 21cm(pbk)
942 ## - ADDED ENTRY ELEMENTS (KOHA)
Source of classification or shelving scheme Dewey Decimal Classification
Item type English Books
Call number suffix BOS
Classification part N
Holdings
Withdrawn status Lost status Not for loan Collection code Home library Current library Date acquired Source of acquisition Cost, normal purchase price Full call number Barcode Copy number Cost, replacement price Koha item type
    Not For Loan Fiction D.B.Act.Division D.B.Act.Division 28/06/2013 DBAD/PUB 200.00 N BOS EN-91325 1 200.00 English Books

© Delhi Public Library
Hit Counter
free hit counter